00891nam a2200241Ia 450000500170000000800410001702000220005804000190008004100120009908200200011124500910013126000460022230000100026844000290027850400500030765000490035765100660040670000240047285000100049694200070050699900170051395201190053020230616101940.0131103s9999 xx 000 0 und d a231124279cRs 350 aLoreto College aEnglish a811.54bPLA-BRE 4aThe poetry of Sylvia PlathcEdited by Claire Brennan Consultant editor: NicolasTredell aNew YorkbColumbia University Pressc1999 a202p  aColumbia Critical Guides aIncludes bibliographical references and index aPlath, Sylvia - Criticism and interpretation aWomen and literature - United States - History - 20th Century aBrennan, Claire, ed aLCLIB cBK c20203d70682 00102ddc4070aMAINbMAINd2013-11-04l7o811.54 PLA-BRE 46630pB22025r2023-05-25s2023-05-17w2013-11-04yBKf